00456nam a22001697a 450000500170000001000110001702000270002803500140005503700090006908200120007810000180009024500470010825000060015526000340016127000730019530000180026820250213154038.0 a127234 c1095.00a9789380607962 aEN-127234 bDBAD a320.954 aCopley Antony aMusic And The Spiritual/cBy Antony Copley a1 aNew DelhibPrimus Book c2012 bNew DelhiaVirat Bhawan, Mukherjee Nagar, Commercial Complexe110009 a352c21cm(HB)